00444pab a2200145 454500008004000000100001700040245009900057260000900156300001500165362001100180650003100191650002300222700002100245773003200266180718b1998 xxu||||| |||| 00| 0 eng d aSun, Haishun aA comparative analysis of the characteristics of direct foreign investment in China, 1979-1995 c1998 ap.159-186. aWinter aForeign investment - China aForeign investment aTipton, Frank B. aJournal of Developing Areas